000 00937nas a2200301 4500
001 BR0201492
003 BR-BrBNA
005 20231205102820.0
007 ta
008 230509b bl.|||p| |||| 00| 00por d
040 _aBR-BrBNA
_bpor
_cBiblioteca Nacional de Agricultura
041 _a(Pt)
072 _aQ03
100 1 _aAssad, E.D.
100 1 _aSano, E.E.
100 1 _aCunha, S.A.R. da
100 1 _aCorrea, T.B.S.
100 1 _aRodrigues, H.R.
245 1 _aIdentificação de impurezas e misturas em pó de café por meio de comportamento espectral e análise de imagens digitais
650 _aCafé
650 _aAdulteração
650 _aControle de Qualidade
650 _aEspectrometria
650 _aCafé Tratado
773 0 _tPesquisa Agropecuária Brasileira (Brazil)
_xISSN 0100-204X
_g(Feb 2001), v. 37(2) p. 211-216
_wBR0201492
909 _a202311
_bLúcia
_c55
_dLúcia Elande
942 _2AGRIS
_n0
_cANA
999 _c169484
_d169484